MDQL
is popping MORE tags! Check the
thread
!
Quizzes
Events
Quiz Creation
Community
Videos
Private Events
Remove Ads
Sign In
Join for FREE
Feedback
Dark Mode
Quiz Categories
Sports
Geography
Music
Movies
Television
Just For Fun
Miscellaneous
History
Literature
Language
Science
Gaming
Entertainment
Religion
Holiday
For Kids
Quiz Lab
Recent
Popular Today
Quiz Kudos Today
Editor Picks
Curator Picks
Quizzes by...
Day
Popularity
Type
Ratings
Length
Year
Community
Subscriptions
Recent Discussions
Orange Saloon
Badges
Playlists
Quests
Create
Leaderboards
Showdown
Live 5
Trivia Bingo
Activity
Puzzle Library
Sporcle Events
Private Events
Virtual Trivia
Globe League
Become a Host
Pub Owners
SporcleCon
Opinionation
Our Games
Videos
Blog
Mobile Apps
Partnerships
Remove Ads and Go Orange
Feedback
Sports
Athletes
MLB
NBA
NHL
NFL
Soccer
Sports Teams
WWE
NCAA
Football
Premier League
Basketball
Baseball
Hockey
Golf
Tennis
Cricket
Rugby
Auto Racing
Olympics
World Cup
Sports
Athletes
MLB
NBA
NHL
NFL
Soccer
Sports Teams
WWE
NCAA
Football
Premier League
Basketball
Baseball
Hockey
Golf
Tennis
Cricket
Rugby
Auto Racing
Olympics
World Cup
Random Quiz
Search Sporcle
×
Quiz Lab
Quiz Lab
Sports
Super Bowl
Type in answers that appear in a list
Type in answers that appear in a list
Classic
Best Score? Go Orange.
Big 4 Championship MVPs since 2010 Stats
Can you name the MVPs of every Super Bowl, World Series, Stanley Cup and NBA Finals since 2010?
By
whodeyreds90
5m
26 Questions
552 Plays
552 Plays
552 Plays
Comments
Comments
Give Quiz Kudos
Give Quiz Kudos
-
- Ratings
hide this ad
Replay
Link that replays current quiz
Next Quiz
Link to next quiz in quiz playlist
You Got
0%
They Got
Avg Score
58%
Avg Friend Score
Upgrade to see
Score Distribution
Jump to the score distribution portion of the page
Score
0/26
Timer
05:00
0
Plays Today
Hint
Answer
% Correct
NBA Finals
LeBron James
93.5%
NBA Finals
LeBron James
93.5%
NBA Finals
LeBron James
92.3%
Super Bowl
Tom Brady
91.1%
Super Bowl
Eli Manning
82.4%
NBA Finals
Kobe Bryant
77.7%
NBA Finals
Dirk Nowitzki
74.6%
NBA Finals
Kawhi Leonard
73.9%
NBA Finals
Andre Iguodala
71.7%
Super Bowl
Von Miller
71.1%
Super Bowl
Aaron Rodgers
64.4%
Super Bowl
Joe Flacco
60.8%
Stanley Cup
Sidney Crosby
60.6%
Hint
Answer
% Correct
Stanley Cup
Patrick Kane
54.1%
World Series
Madison Bumgarner
52.5%
World Series
David Ortiz
51%
Super Bowl
Malcolm Smith
47.4%
Stanley Cup
Jonathan Toews
46.3%
Stanley Cup
Jonathan Quick
41.4%
World Series
David Freese
40.8%
World Series
Pablo Sandoval
40.5%
Stanley Cup
Tim Thomas
38.3%
World Series
Salvador Perez
37.6%
Stanley Cup
Duncan Keith
31%
Stanley Cup
Justin Williams
26%
World Series
Edgar Renteria
23.2%
Quiz Playlist
Details
Report
Send in Message
Add To Playlist
Classic:
Type in answers that appear in a list
Last Updated: Feb 16, 2017
Quiz Scoreboard
CHALLENGE
Sign Up to Join the Scoreboard
Show All
Scores
Hide
Comments
May contain spoilers
Recently Published
Two Season TV Shows II
by 123Four
Television
10m
Image Sorting: Flags VI
by Barbecue
Geography
2m
Find the 'City' Movie
by crazypaving
Movies
60s
More to Explore
Quiz From the Vault
Featured Blog Post
14 Easter Pick-up Lines to Find Eggs With
hide this ad
You Might Also Like...
Tags
2010s
Big 4
Conn Smythe
MVP
NBA Finals
Stanley Cup
Super Bowl
World Series
Today's Top Quizzes in Sports
Browse Sports
hide this ad
Today's Top Quizzes in Super Bowl
Browse Super Bowl
Top Contributed Quizzes in Sports
1
Les meilleurs buteurs des matchs entre le PSG et l’OM
2
Les entraîneurs de l'OM et du PSG au 21e siècle
3
2022 World Cup Stars
4
Les joueurs passés par le PSG et l'OM
5
Players with Multiple 50 Home Run Seasons
6
FIFA Club World Cup Champions
7
Criteria MLB: Left Handed Sluggers
8
Les joueurs passés par le LOSC et le RC Lens
9
Top 10 NHL Goal Scorers of All Time
10
MLB Players with Two .350 Batting Average Seasons
Explore More
Trending Topics
Anime
NBA
Disney
Kpop
Marvel
Crossword
Harry Potter
The Office
Soccer
Puzzle
Country
Pokémon
WWE
Song
NFL
hide this ad
More By:
whodeyreds90
Quiz
Plays
Rating
Category
Featured
Created
NFL Receiving Leaders by Yardage (2016-2020)
75,163
4.68
Sports
Jul 21, 2015
NFL Team Passing Leaders by Season (2010s)
67,859
4.88
Sports
Jul 17, 2015
NFL Active Passing Yards Leaders
64,938
4.35
Sports
May 10, 2016
MLB Top 50 Active HR Leaders
58,549
4.53
Sports
Mar 1, 2016
NHL Top 25 Active Goal Scorers
51,159
4.45
Sports
Mar 23, 2016
Go to Creator's Profile
Score Distribution
Quiz Creator Spotlight
whodeyreds90
Follow
Send a Message
Quizzes Created
-
Created Quiz Play Count
-
More By This Creator
Popular Quizzes Today
1
Find the US States - No Outlines Minefield
2
Colored Red Africa Blitz
3
Find the 'City' Movie
4
5x2 Blitz: Bands
5
The Countries of the World
6
Find the Countries of Europe - No Outlines Minefield
7
Find the US States
8
US States
More Sports Quizzes
Universities with Most NFL Draft Picks By Position - TE
Quiz Lab
Trending Quizzes
Colored Red Europe Blitz I
Colored Red Africa Blitz II
Colored Red Europe Blitz II
Colored Red Europe Blitz III
Colored Red Africa Blitz III
Recently Updated
How Do You Spell That?
pecheneg
Godzilla Movies
pecheneg
Grab Bag: 4-10 Letters
pecheneg
2024 March Madness Bracket
pecheneg
Famous TV Couples
Peacemaker
Champions League XIs: Real Madrid
pecheneg
Largest US Cities 1790-2010
pecheneg
Rides in Walt Disney World
pecheneg
Most Oscar Losses (Acting)
pecheneg
Beyoncé Albums
pecheneg
Trending Topics
Crossword
Harry Potter
Marvel
Disney
NBA
Anime
Kpop
Puzzle
WWE
Soccer
The Office
NFL
Song
Pokémon
Country
Your Account Isn't Verified!
In order to create a playlist on Sporcle, you need to verify the email address you used during registration. Go to your
Sporcle Settings
to finish the process.
Report this User
Report this user for behavior that violates our
Community Guidelines
.
Details:
Send Report
Go to the Sporcle.com Mobile Site →
Comments